00552nam a2200181Ia 450000500170000000800410001702000180005804100120007608200180008810000190010624501020012525000120022726000580023930000200029765000230031765000140034065000160035420260429112148.0260429s9999||||xx |||||||||||||| ||und|| a9781009339797 aEnglish a306.3630bBAT aBates, Crispin 0aBeyond indenture : bagency and resistance in the colonial South Asian diaspora / cCrispin Bates a1st ed. aUnited Kingdom : bCambridge University Press,c2024. axvi, 395 p.; hb a Gender and family a Legacies aRemigration